书目信息 |
| 题名: |
煤矿冲击矿压控制技术
|
|
| 作者: | 吴兴荣 , 陈立高 , 张周权 编著 | |
| 分册: | ||
| 出版信息: | 北京 煤炭工业出版社 2008.03 |
|
| 页数: | 281页 | |
| 开本: | 20cm | |
| 丛书名: | ||
| 单 册: | ||
| 中图分类: | TD324 | |
| 科图分类: | ||
| 主题词: | 煤矿--冲击地压--防治 | |
| 电子资源: | ||
| ISBN: | 978-7-5020-3264-7 | |
| 000 | 01157nam0 2200265 450 | |
| 001 | 0011026587 | |
| 005 | 20100805094546.45 | |
| 010 | @a978-7-5020-3264-7@dCNY28.00 | |
| 100 | @a20100515d2008 em y0chiy0110 ea | |
| 101 | 0 | @achi |
| 102 | @aCN@b110000 | |
| 105 | @aak a 000yy | |
| 200 | 1 | @a煤矿冲击矿压控制技术@Amei kuang chong ji kuang ya kong zhi ji shu@e三河尖矿模式@f张周权, 吴兴荣, 陈立高编著@Fzhang zhou quan,wu xing rong,chen li gao bian zhu |
| 210 | @a北京@c煤炭工业出版社@d2008.03 | |
| 215 | @a281页@c图@d20cm | |
| 300 | 2 | @a“十一五” 国家科技支撑计划资助( 2006 BAK04802,2006 BAK03 806) 国家重点基础研究发展规划(973)项目资助(2005EB221504) 国家自然科学基金项目资助(50490273,50474068,50074030) |
| 320 | 0 | @a有书目(第277-281页) |
| 330 | @a本书介绍了冲击矿压的类型、危险性评价和预测,从现场技术与具体实施的措施两个方面阐述冲击矿压控制的基本准则、控制技术。此外还介绍了三河尖煤矿冲击矿压管理细则。 | |
| 606 | 0 | @a煤矿@x冲击地压@x防治 |
| 690 | @aTD324@v4 | |
| 701 | 0 | @a吴兴荣@Awu xing rong@4编著 |
| 701 | 0 | @a陈立高@Achen li gao@4编著 |
| 701 | 0 | @a张周权@Azhang zhou quan@4编著 |
| 801 | 0 | @aCN@c20100515 |
| 905 | @dTD324@eZ250@f5 | |
| 煤矿冲击矿压控制技术:三河尖矿模式/张周权, 吴兴荣, 陈立高编著.-北京:煤炭工业出版社,2008.03 |
| 281页:图;20cm |
| “十一五” 国家科技支撑计划资助( 2006 BAK04802,2006 BAK03 806) 国家重点基础研究发展规划(973)项目资助(2005EB221504) 国家自然科学基金项目资助(50490273,50474068,50074030) |
| ISBN 978-7-5020-3264-7:CNY28.00 |
| 本书介绍了冲击矿压的类型、危险性评价和预测,从现场技术与具体实施的措施两个方面阐述冲击矿压控制的基本准则、控制技术。此外还介绍了三河尖煤矿冲击矿压管理细则。 |
| ● |
| 相关链接 |
|
|
|
正题名:煤矿冲击矿压控制技术
索取号:TD324/Z250
 
预约/预借
| 序号 | 登录号 | 条形码 | 馆藏地/架位号 | 状态 | 备注 |
| 1 | 995037 | 209950374 | 自科库501/501自科库 21排1列2层/ [索取号:TD324/Z250] | 在馆 | |
| 2 | 995038 | 209950383 | 自科二线400A/400A自科库 26排1列5层/ [索取号:TD324/Z250] | 在馆 | |
| 3 | 995039 | 209950392 | 自科库501/501自科库 21排1列2层/ [索取号:TD324/Z250] | 在馆 | |
| 4 | 995040 | 209950409 | 自科二线400A/400A自科库 26排1列5层/ [索取号:TD324/Z250] | 在馆 | |
| 5 | 995041 | 209950418 | 自科二线400A/400A自科库 26排1列5层/ [索取号:TD324/Z250] | 在馆 |